000 01281nam0a22002531 4500
001 rc\3013701
005 20250530012912.0
035 _a(NLR Aleph) 007156088
090 _a7201290
_c7201290
100 _a20110924d1935 |||y0rusy50 ca
101 0 _arus
102 _aRU
105 _ac z |||||
200 1 _aИтоги уборки, хлебопоставок, осеннего сева 1935 года и ближайшие задачи хозяйственного и культурного строительства Немреспублики
_eДоклад пред. Центр. исполн. ком. и Сов. нар. ком. АССРНП т. А.А. Вельш на III сессии ЦИК'а 30 сент. - 2 окт.
210 _aЭнгельс
_cНемгосиздат
_d1935
_gтип. НКМП
215 _aОбл., 30 с., 1 вкл. л. портр.
_cпортр.
_d18×13 см
300 _aНа обл. загл.: Все силы на борьбу за передовую республику
512 0 0 _aВсе силы на борьбу за передовую республику
700 1 _aВельш
_bА.А.
_gАдам Андреевич
801 0 _aRU
_bNLR
_gpsbo
801 1 _aRU
_bELAR
_2rusmarc
852 _aNLR
_j35-9/1616
942 _cBOOK
980 _aNB